Парогенераторы промышленных предприятий: учебное пособие

Opis bibliograficzny
1. autor: Сидельковский Л. Н. Лазарь Наумович
Kolejni autorzy: Юренев В. Н. Владимир Николаевич
Język:rosyjski
Wydane: Москва, Энергия, 1978
Wydanie:2-е изд., перераб. и доп.
Hasła przedmiotowe:
Format: Książka
KOHA link:https://koha.lib.tpu.ru/cgi-bin/koha/opac-detail.pl?biblionumber=36213

MARC

LEADER 00000nam0a2200000 4500
001 36213
005 20231101210345.0
035 |a (RuTPU)RU\TPU\book\36683 
035 |a BOOK00003335 
090 |a 36213 
100 |a 20011210d1978 m y0rusy50 ca 
101 0 |a rus 
102 |a RU 
105 |a a j 001zy 
200 1 |a Парогенераторы промышленных предприятий  |e учебное пособие  |f Л. Н. Сидельковский, В. Н. Юренев 
205 |a 2-е изд., перераб. и доп. 
210 |a Москва  |c Энергия  |d 1978 
215 |a 336 с.  |c ил. 
320 |a Список лит.: с. 329 (10 назв.). 
320 |a Предм. указ.: с. 330-332. 
606 1 |a Парогенераторы  |x Рабочий процесс  |2 stltpush  |3 (RuTPU)RU\TPU\subj\48291  |9 67167 
610 1 |a промышленные предприятия 
610 1 |a теория 
610 1 |a эксплуатация 
610 1 |a учебные пособия 
675 |a 621.181(075.8)  |v 3 
700 1 |a Сидельковский  |b Л. Н.  |g Лазарь Наумович 
701 1 |a Юренев  |b В. Н.  |g Владимир Николаевич 
801 0 |a RU  |b 63413507  |c 20011210  |g PSBO 
801 2 |a RU  |b 63413507  |c 20220610  |g PSBO 
900 |a Техническая термодинамика и энерготехнология 
942 |c BK